00277nam a22001097a 4500003000400000082001900004100001100023245004300034260004200077300000700119650004100126SGT a617.6342bS25D aDeepti aShade Selection in Aesthetic Dentistry aHaryana, IndiabSGT University c2025 a34 aConservative Dentistry & Endodontics